NIIF /

Detalles Bibliográficos
Autores principales: Jaramillo Herrera, Leydy Tatiana (Autor), Saavedra Patiño, Lady Tatiana (Autor), Barrera Duarte, Luz Marina (Autor)
Otros Autores: Olaya, Daniel (Editor)
Formato: Electrónico eBook
Lenguaje:español
Publicado: Santiago de Cali : Universidad Autónoma de Occidente, 2016.
Edición:Primera edición.
Colección:Pre-Textos (Universidad Autónoma de Occidente (Cali, Colombia))
Materias:
Acceso en línea:Digitalia Hispánica

MARC

LEADER 00000nam a2200000Ii 4500
001 DIGUAOCCTE0093
003 NyNyDIG
006 m o d
007 cr |||||||||||
008 240915s2016 ck a ob 000 0 spa d
035 |a (OCoLC)1456948466 
040 |a DGITA  |b eng  |e rda  |e pn  |c DGITA 
050 1 4 |a HF5681 ebook 
245 0 0 |a NIIF /  |c orientador, Daniel Olaya ; estudiantes, Leydy Tatiana Jaramillo Herrera, Lady Tatiana Saavedra Patiño, Luz Marina Barrera Duarte. 
250 |a Primera edición. 
264 1 |a Santiago de Cali :  |b Universidad Autónoma de Occidente,  |c 2016. 
300 |a 1 online resource :  |b illustrations. 
336 |a text  |b txt  |2 rdacontent 
337 |a computer  |b c  |2 rdamedia 
338 |a online resource  |b cr  |2 rdacarrier 
347 |a text file  |2 rdaft 
347 |b PDF 
490 1 |a Pre-Textos,  |x 2011-7795 
504 |a Includes bibliographical references. 
588 0 |a Online resource; title from PDF title page (Digitalia, viewed September 15, 2024) 
650 0 |a Tax accounting  |x Law and legislation. 
650 0 |a Financial statements  |x Law and legislation. 
700 1 |a Olaya, Daniel,  |e editor. 
700 1 |a Jaramillo Herrera, Leydy Tatiana,  |e author. 
700 1 |a Saavedra Patiño, Lady Tatiana,  |e author. 
700 1 |a Barrera Duarte, Luz Marina,  |e author. 
791 2 |a Digitalia (Firm),  |e distributor. 
793 0 |g Digitalia eBook Collection:  |a Universidad Autónoma de Occidente 
830 0 |a Pre-Textos (Universidad Autónoma de Occidente (Cali, Colombia)) 
856 4 0 |3 Digitalia Hispánica  |u https://www.digitaliapublishing.com/a/47619/ 
910 |a Premium collection: 2024